Elenca la formazione - Quiz n°33 - Statistics

Statistiche generali
  • Questo quiz è stato fatto 135 volte
  • Il punteggio medio è 10 su 11
Statistiche sulle risposte
Ruolo Nazione Calciatore % Corretto
Portiere Brasile Ederson
100%
Centrocampista Belgio Kevin De Bruyne
95%
Attaccante Algeria Riyad Mahrez
95%
Centrocampista Portogallo Bernando Silva
94%
Difensore Inghilterra John Stones
93%
Centrocampista Spagna Rodri
92%
Difensore Inghilterra Kyle Walker
90%
Attaccante Inghilterra Phil Foden
87%
Difensore Portogallo João Cancelo
85%
Difensore Spagna Aymeric Laporte
72%
Attaccante Inghilterra Jack Grealish
67%
Nessun quiz corrispondente trovato
Distribuzione punteggi
Percentuale di utenti per punteggio
Percentile per numero di risposta
I tuoi punteggi nel tempo
Non hai fatto questo quiz